<?xml version="1.0" encoding="UTF-8"?><marc:collection xmlns:marc="http://www.loc.gov/MARC21/slim">
  <marc:record>
    <marc:leader>00000nas  2200000za 4500</marc:leader>
    <marc:controlfield tag="001">9.502045</marc:controlfield>
    <marc:controlfield tag="003">CaOODSP</marc:controlfield>
    <marc:controlfield tag="005">20240124144247</marc:controlfield>
    <marc:controlfield tag="007">cr |||||||||||</marc:controlfield>
    <marc:controlfield tag="008">150406c20029999onczn p o    f0   b0fre|d</marc:controlfield>
    <marc:datafield tag="022" ind1=" " ind2=" ">
      <marc:subfield code="a">1925-8437</marc:subfield>
    </marc:datafield>
    <marc:datafield tag="040" ind1=" " ind2=" ">
      <marc:subfield code="a">CaOODSP</marc:subfield>
      <marc:subfield code="b">fre</marc:subfield>
    </marc:datafield>
    <marc:datafield tag="043" ind1=" " ind2=" ">
      <marc:subfield code="a">n-cn---</marc:subfield>
    </marc:datafield>
    <marc:datafield tag="086" ind1="1" ind2=" ">
      <marc:subfield code="a">T52-2/1F-PDF</marc:subfield>
    </marc:datafield>
    <marc:datafield tag="130" ind1="0" ind2=" ">
      <marc:subfield code="a">Feedback (Transports Canada : En ligne).</marc:subfield>
      <marc:subfield code="l">Français.</marc:subfield>
    </marc:datafield>
    <marc:datafield tag="222" ind1=" " ind2="0">
      <marc:subfield code="a">Feedback </marc:subfield>
      <marc:subfield code="b">(Ottawa. Éd. française. En ligne)</marc:subfield>
    </marc:datafield>
    <marc:datafield tag="245" ind1="1" ind2="0">
      <marc:subfield code="a">Feedback </marc:subfield>
      <marc:subfield code="h">[ressource électronique] : </marc:subfield>
      <marc:subfield code="b">rapports de difficultés en service de l'aviation canadienne.</marc:subfield>
    </marc:datafield>
    <marc:datafield tag="260" ind1=" " ind2=" ">
      <marc:subfield code="a">Ottawa : </marc:subfield>
      <marc:subfield code="b">Transports Canada, </marc:subfield>
      <marc:subfield code="c">2002-</marc:subfield>
    </marc:datafield>
    <marc:datafield tag="310" ind1=" " ind2=" ">
      <marc:subfield code="a">2 à 3 fois par an,</marc:subfield>
      <marc:subfield code="b">2016-</marc:subfield>
    </marc:datafield>
    <marc:datafield tag="321" ind1=" " ind2=" ">
      <marc:subfield code="a">Trimestriel,</marc:subfield>
      <marc:subfield code="b">2003-2015</marc:subfield>
    </marc:datafield>
    <marc:datafield tag="362" ind1="1" ind2=" ">
      <marc:subfield code="a">Paraît depuis numéro 1 (2002).</marc:subfield>
    </marc:datafield>
    <marc:datafield tag="500" ind1=" " ind2=" ">
      <marc:subfield code="a">Publ. aussi en anglais sous le titre : Feedback, Canadian aviation service difficulty reports.</marc:subfield>
    </marc:datafield>
    <marc:datafield tag="500" ind1=" " ind2=" ">
      <marc:subfield code="a">« Le continue suivant a été publié entre … et ... »</marc:subfield>
    </marc:datafield>
    <marc:datafield tag="520" ind1="3" ind2=" ">
      <marc:subfield code="a">Informe le milieu aéronautique des problèmes quotidiens déclarés qui ont des conséquences sur la navigabilité des aéronefs au Canada.</marc:subfield>
    </marc:datafield>
    <marc:datafield tag="550" ind1=" " ind2=" ">
      <marc:subfield code="a">Publ. par Division du maintien de la navigabilité aérienne.</marc:subfield>
    </marc:datafield>
    <marc:datafield tag="691" ind1="0" ind2="7">
      <marc:subfield code="a">Hélicoptère</marc:subfield>
      <marc:subfield code="2">gcpds</marc:subfield>
    </marc:datafield>
    <marc:datafield tag="691" ind1="0" ind2="7">
      <marc:subfield code="a">Manuel</marc:subfield>
      <marc:subfield code="2">gcpds</marc:subfield>
    </marc:datafield>
    <marc:datafield tag="710" ind1="1" ind2=" ">
      <marc:subfield code="a">Canada. </marc:subfield>
      <marc:subfield code="b">Transports Canada.</marc:subfield>
    </marc:datafield>
    <marc:datafield tag="775" ind1="0" ind2="8">
      <marc:subfield code="t">Feedback </marc:subfield>
      <marc:subfield code="w">(CaOODSP)9.505646</marc:subfield>
    </marc:datafield>
    <marc:datafield tag="776" ind1="0" ind2="#">
      <marc:subfield code="t">Feedback : </marc:subfield>
      <marc:subfield code="w">(CaOODSP)9.514070</marc:subfield>
    </marc:datafield>
  </marc:record>
</marc:collection>
